Руководство по обслуживанию Брюннских турбин 16000 квт. Ч. 1: Главная турбина (Запись № 13613878)

Подробности
000 -МАРКЕР
контрольное поле 01032nam2a2200217 4500
001 - ИДЕНТИФИКАТОР ЗАПИСИ
контрольное поле rc\2993428
005 - ИДЕНТИФИКАТОР ВЕРСИИ
контрольное поле 20260315063247.0
035 ## - ДРУГИЕ СИСТЕМНЫЕ НОМЕРА
Идентификатор записи (NLR Aleph) 007137303
100 ## - ДАННЫЕ ОБЩЕЙ ОБРАБОТКИ
Данные общей обработки 20080306d1935 u y0rusy50 ca
101 0# - ЯЗЫК РЕСУРСА
Язык текста, звукозаписи и т.д. русский
105 ## - ПОЛЕ КОДИРОВАННЫХ ДАННЫХ: ТЕКСТОВЫЕ МАТЕРИАЛЫ, МОНОГРАФИЧЕСКИЕ
Кодированные данные о монографическом текстовом документе ac z |||||
200 1# - ЗАГЛАВИЕ И СВЕДЕНИЯ ОБ ОТВЕТСТВЕННОСТИ
Основное заглавие Главная турбина
210 ## - ПУБЛИКАЦИЯ, РАСПРОСТРАНЕНИЕ И ДР.
Дата издания, распространения и т.д. 1935
215 ## - ФИЗИЧЕСКАЯ ХАРАКТЕРИСТИКА
Специфическое обозначение материала и объем Обл., 64 с.
Другие сведения о физической характеристике портр., черт.
461 #0 - УРОВЕНЬ НАБОРА
Встроенное поле 001rc\2993427
-- 2001#$aРуководство по обслуживанию Брюннских турбин 16000 квт.$eЧ. I-$fинж. К.Ф. Грингоф$gШатурск. ГЭС им. В.И. Ленина$vЧ. 1
-- 700#1$aГрингоф$bК.Ф.$gКонстантин Фаддеевич
Системный номер (АБИС) связанной записи 7019810
Автор Грингоф, К.Ф.
Место публикации Москва
Дата публикации 1935
Первые сведения об ответственности инж. К.Ф. Грингоф
Имя издателя, распространителя и т.д. Б. и.
Сведения, относящиеся к заглавию Ч. I-
Заглавие Руководство по обслуживанию Брюннских турбин 16000 квт.
Номер тома Ч. 1
801 #0 - ИСТОЧНИК ЗАПИСИ
Страна Российская Федерация
Организация NLR
Правила каталогизации psbo
801 #1 - ИСТОЧНИК ЗАПИСИ
Страна Российская Федерация
Организация ELAR
Источник данных rusmarc
852 ## - МЕСТОНАХОЖДЕНИЕ И ШИФР ХРАНЕНИЯ
Идентификатор организации NLR
Шифр хранения (Call Number) 35-18/57(1)
942 ## - ДОПОЛНИТЕЛЬНЫЕ ЭЛЕМЕНТЫ ЗАПИСИ (АБИС)
Тип экземпляра АБИС Неопределено
980 ## - КОЛЛЕКЦИЯ
Название коллекции Национальная библиография

Нет доступных экземпляров.